Statistics for Numbers That Have 9 In Them

Click here to take the quiz!

General Stats

  • This quiz has been taken 58 times
  • The average score is 17 of 19

Answer Stats

Answer% Correct
9
100%
29
98%
19
95%
39
95%
99
95%
49
93%
59
90%
69
90%
79
90%
89
90%
90
88%
91
83%
98
83%
92
80%
93
80%
94
80%
95
80%
96
80%
97
80%

Score Distribution

Percentile by Number Answered

Percent of People with Each Score

Your Score History

You have not taken this quiz